Animated Movies by Picture - C - Statistics

General Stats
  • This quiz has been taken 694 times
  • The average score is 9 of 12
Answer Stats
Picture Answer % Correct
Cars
99%
Cinderella
99%
Coco
96%
Chicken Little
87%
Coraline
83%
Cloudy with a Chance of Meatballs
82%
The Croods
82%
Captain Underpants: The First Epic Movie
77%
Chicken Run
75%
A Christmas Carol
66%
Castle in the Sky
20%
The Cat Returns
18%
No matching quizzes found
Score Distribution
Percent of People with Each Score
Percentile by Number Answered
Your Score History
You have not taken this quiz